00774nam a2200181 i 4500001000700000003000900007005001700016008004100033040001800074100003800092245009900130260011100229300002200340500011400362650001900476700001600495852008100511164965ES-MaACL20250718062548.0980114s1879 fr |||| | fre d aNA bspa cNA1 aSchopenhauer, Arthur, d1788-186013aLe fondement de la morale / cpar Arthur Schopenhauer ; traduit de l' allemand par A. Burdeau. aParis : bLibrairie Germer Baillière et C\pie\s, c1879 (eAbbeville : fTyp. et Stér. Gustave Retaux) a195 p. ; c18 cm. aMémoire non Couronné par la Société Royale des Sciences de Danemark, a Copenhague le 30 Janvier 1840. 7aÉtica2embne0 aBurdeau, A. aES-MaACLjF-11748(1) z-- Enc. pasta española x-- Edic.: Son VIII, 195 p.